Mystics of Vastu Sastra With Astrological Remedial Measures/ (Record no. 195007)
[ view plain ]
| 000 -LEADER | |
|---|---|
| fixed length control field | 00592nam a22001817a 4500 |
| 005 - DATE AND TIME OF LATEST TRANSACTION | |
| control field | 20230925144624.0 |
| 010 ## - LCCN (DPL NO) | |
| LC control number | ENG-136149-56 |
| 020 ## - INTERNATIONAL STANDARD BOOK NUMBER | |
| International Standard Book Number | 9788170820367 |
| Terms of availability | 125.00 |
| 035 ## - SYSTEM CONTROL NUMBER | |
| System control number | EN-119681-88 |
| 037 ## - SOURCE OF ACQUISITION | |
| Source of stock number/acquisition | DBAD/PUB |
| 082 ## - DEWEY DECIMAL CLASSIFICATION NUMBER | |
| Classification number | 720.954 |
| 100 ## - MAIN ENTRY--PERSONAL NAME | |
| Personal name | Agarwal, M.K. |
| 245 ## - TITLE STATEMENT | |
| Title | Mystics of Vastu Sastra With Astrological Remedial Measures/ |
| Statement of responsibility, etc | By M.K. Agarwal |
| 260 ## - PUBLICATION, DISTRIBUTION, ETC. (IMPRINT) | |
| Place of publication, distribution, etc | New Delhi |
| Name of publisher, distributor, etc | Sagar Publications |
| Date of publication, distribution, etc | 1999 |
| 270 ## - ADDRESS | |
| Address | 72 Janpath, Ved Mansion |
| City | New Delhi |
| Postal code | 110001 |
| Electronic mail address | sagarpub@del3.vsn.net.in |
| 300 ## - PHYSICAL DESCRIPTION | |
| Extent | 226p. |
| Dimensions | 21cm(pbk) |
| 942 ## - ADDED ENTRY ELEMENTS (KOHA) | |
| Source of classification or shelving scheme | Dewey Decimal Classification |
| Item type | English Books |
| Classification part | 720.954 |
| Call number suffix | AGA |
| Withdrawn status | Lost status | Not for loan | Collection code | Home library | Current library | Date acquired | Source of acquisition | Cost, normal purchase price | Full call number | Barcode | Copy number | Cost, replacement price | Koha item type |
|---|---|---|---|---|---|---|---|---|---|---|---|---|---|
| Non-fiction | Ashok Vihar | Ashok Vihar | 08/02/2023 | DBAD/PUB | 125.00 | 720.954 AGA | EN-119683 | 1 | 125.00 | English Books | |||
| Non-fiction | Bawana | Bawana | 08/02/2023 | DBAD/PUB | 125.00 | 720.954 AGA | EN-119684 | 1 | 125.00 | English Books | |||
| Non-fiction | Diz Area | Diz Area | 08/02/2023 | DBAD/PUB | 125.00 | 720.954 AGA | EN-119688 | 1 | 125.00 | English Books | |||
| Non-fiction | D.B.Act.Division | Mobile Library | 08/02/2023 | DBAD/PUB | 125.00 | 720.954 AGA | EN-119681 | 1 | 125.00 | English Books | |||
| Non-fiction | R.K.Puram-8 | R.K.Puram-8 | 08/02/2023 | DBAD/PUB | 125.00 | 720.954 AGA | EN-119687 | 1 | 125.00 | English Books | |||
| Non-fiction | Sarojini Nagar | Sarojini Nagar | 08/02/2023 | DBAD/PUB | 125.00 | 720.954 AGA | EN-119686 | 1 | 125.00 | English Books | |||
| Non-fiction | Tri Nagar | Tri Nagar | 08/02/2023 | DBAD/PUB | 125.00 | 720.954 AGA | EN-119685 | 1 | 125.00 | English Books | |||
| Non-fiction | Vinoba Puri | Vinoba Puri | 08/02/2023 | DBAD/PUB | 125.00 | 720.954 AGA | EN-119682 | 1 | 125.00 | English Books |
